Pays les plus proches du Liechtenstein - Sprint d'une minute - Statistiques

Statistiques générales
  • Ce quiz a été pris 183 fois
  • Le résultat moyen est 16 sur 20
Statistiques - réponses
km pays % Correct
150 France
99%
0 Suisse
99%
33 Allemagne
98%
0 Autriche
95%
68 Italie
91%
300 Slovénie
83%
492 Hongrie
82%
556 Slovaquie
81%
334 Tchequie
80%
372 Belgique
77%
348 Croatie
77%
556 Pologne
76%
338 Luxembourg
72%
465 Pays-Bas
68%
409 Saint-Marin
67%
521 Bosnie-Herzégovine
65%
400 Monaco
63%
617 Vatican
63%
720 Serbie
60%
716 Espagne
59%
Aucun quiz correspondant
Distribution des résultats
% des personnes avec chaque résultat
Percentile par nombre de réponses
Votre historique - résultats
Vous n’avez pas pris ce quiz